Neighborhoods of Rochester on a Map - Statistics

General Stats
  • This quiz has been taken 29 times
  • The average score is 13 of 40
Answers on the Map
Answers color-coded by a green-red scale on the quiz's map according to % correct below.
 
Answer Stats
Neighborhoods % Correct
19th Ward
62%
Charlotte
62%
Cobbs Hill
62%
East Avenue
62%
Park Avenue
62%
Corn Hill
54%
South Wedge
54%
Upper Falls
54%
Browncroft
46%
Maplewood
46%
Swillburg
46%
Beechwood
38%
Brown Square
38%
Lyell-Otis
38%
Neighborhood of the Arts
38%
14621
31%
Edgerton
31%
Genesee Jefferson
31%
High Falls
31%
Highland Park
31%
Susan B. Anthony
31%
Upper Monroe
31%
City Center
23%
Dutchtown
23%
East End
23%
Grove Place
23%
Homestead Heights
23%
Marketview Heights
23%
Northland Lyceum
23%
North Winton Village
23%
Plymouth Exchange
23%
Bull's Head
15%
Mayor's Heights
15%
Wadsworth Square
15%
Culver University East
8%
El Camino
8%
Josana
8%
Lincoln Park
8%
Monroe Village
8%
Upper Mount Hope
8%
No matching quizzes found
Score Distribution
Percent of People with Each Score
Percentile by Number Answered
Your Score History
You have not taken this quiz